00486nam a2200181Ia 450000500170000000800410001702000100005804000190006804100120008708200130009910000230011224500430013526000400017830000160021850400410023465000190027585000100029420241129131301.0131103s9999 xx 000 0 und d cRs.95 aLoreto College aEnglish a900bMIT aMitra,Shiba Prasad 4aThe end of an age?cShiba Prasad Mitra aNew DelhibShiba Prasad Mitrac1989 axii,129 p.  aIncludes bibliographical references  aModern History aLCBED